000
00332nam a22001457a 4500
008
210310b ||||| |||| 00| 0 eng d
020
_a
9780135096314
041
_a
eng
080
_2
7th
_a
004
082
_2
7th
_a
004
100
_a
35
101
_a
SHKI
245
_a
Introductory Technology in Action
_c
Evans,A
942
_2
udc
_c
BK
999
_c
56134
_d
56134